000 00401nam a2200133Ia 4500
008 231129s2003||||xx |||||||||||||| ||spa||
020 _a958-33-5317-5
082 _aER- 372
100 _aJiménez Vélez Carlos Alberto
245 0 _aJuego inteligencia y ciudad. Pereira siglo XXI
260 _c2003
264 _aPereira: Postrergraph 2003
942 _2ddc
_cBKS
999 _c16223
_d16223